1284 1366 1618 1866 1586 1374 1636 1623 1685 1487 1118 1114 1320 1257 1456 1749 1276 1547 1746 1129 1980 1437 1077 1243 1377 1313 1437 1867 1816 1831 1103 1011 1694 1272 1972 1772 1905 1565 1268 1745 1539 1140 1485 1734 1130 1572 1144 1613 1141 1278 1287 1063 1258 1174 1437 1171 1977 1952 1318 1762 1250 1683 1917 1232 1181 1171 1560 1661 1863 1343 1754 1275 1826 1191 1913 1593 1287 1557 1572 1262 1299 1223 1667 1676 1719 1829 1534 1203 1331 1504 1348 1407 1373 1839 1753 1700 1534 1910 1807 BCNSPRNW ULIB Ver.6.0+V

เปลี่ยนเป็นภาษาไทย

Change to English
 แสดงรายละเอียดบรรณานุกรม
  กลับหน้าหลัก

Brief Record : Get Marc (ISO 2709) : E-mail record : QR code < ปิดหน้าต่าง
LEADER : 00000nam 2200000uu 4500
001    13399115153
003     ULIB
008    120713s2554||||th 000 0 tha d
020    ^a9786165092821
050  0 ^aPE1131^bพ73ก
100 0  ^aพี่นุ้ยอิงลิช
245 1  ^aเก่งอังกฤษได้ไม่เห็นต้องจ่าย(แพง) /^cพี่นุ้ยอิงลิชและพี่ปุ้ย
260    ^aกรุงเทพฯ :^bอมรินทร์บุ๊คเซ็นเตอร์,^c2554
300    ^a135 หน้า ;^c22 ซม.
650    ^aภาษาอังกฤษ^xการใช้ภาษา
700 0  ^aพี่ปุ้ย
945    ^p120^l0^i19144
995    เกษร
999 ^a ใช้งานได้ทุกระบบ
รายการนี้ยังไม่มีแท็ก
คุณยังไม่ได้ล็อกอิน คุณสามารถมีกิจกรรมร่วมกับเว็บไซต์ได้ แต่ต้องล็อกอินก่อน ::
  ล็อกอิน

รายการสื่อสารสนเทศ

ลำดับที่ ประเภท เลขเรียก/บาร์โค้ด สถานที่ สถานะ
- ไม่พบข้อมูล -

รายการใกล้เคียง
    ผู้แต่ง [พี่นุ้ยอิงลิช]

    หัวเรื่อง [ภาษาอังกฤษ การใช้ภาษา]

BibComment


ยังไม่เคยถูกคอมเมนท์

คอมเมนท์ทรัพยากรรายการนี้
  คอมเมนท์: เก่งอังกฤษได้ไม่..


 Copyright 2026. Bcnsprnw @Library